000 00740nam a2200253Ia 4500
003 OSt
005 20220928115655.0
006 a|||||r|||| 00| 0
007 ta
008 220927b |||||||| |||| 00| 0 eng d
020 _cUKP 140.00
024 _a140151
037 _b217, 28/02/2019, Classic Book Service
_cTextual
040 _aSDCL
_cSDCL
_beng
041 _2eng
_aeng
082 _aB28931, Q9
100 _aMueller Kyrie
_9445469
245 0 _aOptimization theory
260 _aWaltham
_babbey essex Ed-Tech press
_c2019
300 _axi,302p.
_ccm.
650 _aOperational Research
942 _hB28931, Q9
_cTEXL
_2CC
999 _c760409
_d760409